| 000 | 04111nam0a2200421 4500 | ||
|---|---|---|---|
| 001 | RU\NLR\BIBL_A\012849772 | ||
| 005 | 20221110143733.0 | ||
| 010 |
_a978-5-6046429-2-4 _9300 |
||
| 021 |
_aRU _bКН-П-22-029041 _9КН-П-22-2486 |
||
| 035 | _a(NLR Aleph) 012849772 | ||
| 035 | _a(RuMoRGB)011063775 | ||
| 090 |
_a12423577 _c12423577 |
||
| 100 | _a20220719d2021 k y0rusy50 ca | ||
| 101 | 0 |
_arus _deng |
|
| 102 | _aRU | ||
| 105 | _aa|||z|||001zy | ||
| 181 | 0 |
_ai _baxxe |
|
| 182 | 0 | _an | |
| 200 | 1 |
_aПтицы северотаежных редкостойных лесов Западной Сибири _dBirds of northern taiga rare-standing forests of Western Siberia _eмонография _fИ. В. Покровская _gответственный редактор: доктор биологических наук Ю. С. Равкин _gРоссийская академия наук, Институт географии, Сибирское отделение, Институт систематики и экологии животных |
|
| 203 |
_aТекст _bвизуальный _cнепосредственный |
||
| 210 |
_aНовосибирск _cСибирское отделение РАН _d2021 |
||
| 215 |
_a324, [2] с. _cил., табл. _d24 |
||
| 300 | _aАвт. также на англ. яз.: I. V. Pokrovskaya | ||
| 300 | _aРез. англ. | ||
| 320 | _aБиблиогр.: с. 194-208 | ||
| 320 | _aАлф. указ. рус. назв. видов птиц к повидовым очеркам: с. 321-322 | ||
| 320 | _aАлф. указ. лат. назв. видов птиц к повидовым очеркам: с. 323-324 | ||
| 330 | _aВ монографии представлен повидовой обзор птиц подзональной полосы северотаежных редкостойных лесов Западной Сибири, содержащий количественную характеристику территориальных изменений их летнего обилия. Приведены данные по летней динамике численности, видовому богатству, биомассе, фаунистическому составу и плотности населения птиц всех обследованных местообитаний. Проведено сравнение обилия и распределения птиц в других лесных подзонах и подзональных полосах Западной Сибири. Составлены иерархические классификации, отражающие особенности пространственного распределения, характера пребывания видов и неоднородности сообществ птиц. Описаны основные структурообразующие факторы среды. Показана правомерность использования собранных в разные годы материалов для выявления пространственной структуры и организации населения птиц. Книга предназначена для специалистов в области зоогеографии, орнитологии, охотоведения, биоценологии и охраны природы | ||
| 510 | 1 |
_6z23790 _aBirds of northern taiga rare-standing forests of Western Siberia _zeng |
|
| 606 | 1 |
_aЛесные птицы _yСибирь Западная _92502477 _3RU\NLR\AUTH\6601699544 |
|
| 675 |
_a598.2(571.1) _v4 |
||
| 686 | 1 | _aЕ693.35(2Р53) | |
| 700 | 1 |
_7ca _8rus _aПокровская _bИ. В. _f1930- _gИрина Владимировна _9248615 _3RU\NLR\AUTH\770248671 |
|
| 790 | 0 |
_6z23510 _7ca _8rus _aPokrovskaja _bI. V. _f1930- _gIrina Vladimirovna _9248617 _3RU\NLR\AUTH\770248673 |
|
| 942 | _cBOOK | ||
| 980 | _aNB | ||